Norma ISO 8167 pre výstupky na odporové zváranie

Bibliographic Details
Main Authors: Lipa, M. (Author), Lipa, Milan, 1926- (Author)
Format: Article
Language:Slovak
PhysicalDescription:Tb. 2. Sch. 1.
Subjects:

MARC

LEADER 00000nab a2200000 a 4500
001 vtls000395133
003 SK-MaSNL
005 20260303201700.0
008 230223c1990 xo 0 slo
015 |a SNBRB19rr/mm-uuuuu 
035 |a CL0395257 
035 |a urn:nbn:sk:snk-ab6ock 
035 |a (uuid)779bf6e0-fc09-4801-865f-46ea97283fd3 
035 |a (urnnbn)urn:nbn:sk:snk:ar-005okr 
035 |a (sysno)vtls000395133 
040 |a SNKBUCL  |b slo  |c SNKBUCL  |e AACR2 
041 0 |a slo 
044 |a xo  |c SK 
080 |a 621.791.76.053:006.7/.8  |2 1981 
080 |a 006.7/.8  |2 1981 
080 |a 7/.8  |2 1981 
100 1 |a Lipa, M.  |4 aut  |9 1178330 
245 1 0 |a Norma ISO 8167 pre výstupky na odporové zváranie  |c M. Lipa ; Milan Lipa 
300 |b Tb. 2. Sch. 1. 
650 0 7 |a odporové zváranie  |2 snkbucl  |9 50960 
650 0 7 |a norma ISO 8167  |2 snkbucl  |9 1232758 
655 7 |a články z novín a časopisov  |2 snkbucl  |9 267496 
700 1 |a Lipa, Milan,  |d 1926-  |4 aut  |9 186280 
773 0 |t Zváranie  |g Roč. 39, č. 5 (1990), s. 155-156 
850 |a Slovenská národná knižnica v Martine  |a MTA001 
852 |a SNK  |b KIS3GCP 
954 |a odborná, vedecká literatúra pôvodná (slovenská)  |2 lita 
958 |a OND 
958 |a RK 
958 |a EUIPO 
958 |a article 
992 |a RBX 
999 |c 2175404  |d 2177334